[Event "African-ch Open 2019"]
[Site "Hammamet"]
[Date "2019.07.13"]
[Round "5.2"]
[White "Hamdouchi, Hicham"]
[Black "Fawzy, Adham"]
[Result "0-1"]
[WhiteElo "2575"]
[BlackElo "2476"]
[Annotator "ChessBase"]
[PlyCount "104"]
[EventDate "2019.07.09"]
[EventType "swiss"]
[EventCountry "TUN"]
[SourceTitle "playchess.com"]
[Source "ChessBase"]
[SourceQuality "1"]
[TimeControl "5400+30"]

1. e4 {[%emt 0:00:00]} c5 {[%emt 0:00:05]} 2. Nc3 {[%emt 0:00:00]} Nc6 {[%emt 0:00:20]} 3. Bb5 {[%emt 0:00:19]} Nd4 {[%emt 0:00:12]} 4. Bc4 {[%emt 0:00:41]} a6 {[%emt 0:00:06]} 5. Nf3 {[%emt 0:04:11]} b5 {[%emt 0:00:33]} 6. Bd5 {[%emt 0:00:21]} Rb8 {[%emt 0:00:11]} 7. Nxd4 {[%emt 0:04:01]} cxd4 {[%emt 0:00:03]} 8. Ne2 {[%emt 0:00:07]} Nf6 {[%emt 0:00:15]} 9. Nxd4 {[%emt 0:06:45]} e6 {[%emt 0:01:47]} 10. Bb3 {[%emt 0:00:12]} Nxe4 {[%emt 0:00:08]} 11. O-O {[%emt 0:00:54]} Bd6 {[%emt 0:11:48]} 12. Qg4 {[%emt 0:09:54]} Nf6 {[%emt 0:02:26]} 13. Qh3 {[%emt 0:02:02]} h5 {[%emt 0:05:39]} 14. Nf3 {[%emt 0:01:26]} Bb7 {[%emt 0:03:13]} 15. d4 {[%emt 0:02:56]} Qc7 {[%emt 0:05:06]} 16. Ne5 {[%emt 0:10:14]} Bxe5 {[%emt 0:03:05]} 17. dxe5 {[%emt 0:01:06]} Qxe5 {[%emt 0:00:43]} 18. Bd2 {[%emt 0:00:07]} Ne4 {[%emt 0:04:01]} 19. Rae1 {[%emt 0:05:40]} Qxb2 {[%emt 0:12:10]} 20. Bb4 {[%emt 0:02:08]} Qe5 {[%emt 0:12:37]} 21. Qd3 {[%emt 0:08:15]} a5 {[%emt 0:04:18]} 22. Bxa5 {[%emt 0:00:43]} Qc5 {[%emt 0:00:50]} 23. c3 {[%emt 0:18:50]} Qc6 {[%emt 0:00:14]} 24. Bb4 {[%emt 0:00:18]} d6 {[%emt 0:05:18]} 25. f3 {[%emt 0:09:04]} Nc5 {[%emt 0:00:05]} 26. Qd4 {[%emt 0:00:34]} O-O {[%emt 0:00:07]} 27. Bc2 {[%emt 0:01:12]} Qd5 {[%emt 0:04:44]} 28. Qf2 {[%emt 0:00:23]} Qg5 {[%emt 0:01:59]} 29. Rd1 {[%emt 0:03:01]} Bd5 {[%emt 0:02:09]} 30. Bb1 {[%emt 0:02:06]} f5 {[%emt 0:01:21]} 31. Bxc5 {[%emt 0:04:00]} dxc5 {[%emt 0:00:01]} 32. Qxc5 {[%emt 0:00:03]} Rbc8 {[%emt 0:03:19]} 33. Qd4 {[%emt 0:01:39]} Bxf3 {[%emt 0:01:02]} 34. Qd2 {[%emt 0:01:09]} Qxd2 {[%emt 0:04:50]} 35. Rxd2 {[%emt 0:00:01]} Bb7 {[%emt 0:00:37]} 36. Bc2 {[%emt 0:02:14]} Rxc3 {[%emt 0:02:56]} 37. Bb3 {[%emt 0:00:02]} Rf6 {[%emt 0:00:20]} 38. Re1 {[%emt 0:00:49]} Be4 {[%emt 0:00:41]} 39. Kf2 {[%emt 0:01:26]} Rg6 {[%emt 0:04:44]} 40. Rg1 {[%emt 0:00:00]} Kh7 {[%emt 0:00:00]} 41. Rd8 {[%emt 0:00:00]} h4 {[%emt 0:00:00]} 42. Re8 {[%emt 0:00:00]} Rd3 {[%emt 0:00:00]} 43. Bxe6 {[%emt 0:00:00]} Rd2+ {[%emt 0:00:00]} 44. Ke3 {[%emt 0:00:00]} Rgxg2 {[%emt 0:00:00]} 45. Rxg2 {[%emt 0:00:00]} Rxg2 {[%emt 0:00:00]} 46. Kf4 {[%emt 0:00:00]} Kg6 {[%emt 0:00:00]} 47. h3 {[%emt 0:00:00]} Kf6 {[%emt 0:00:00]} 48. Bc8 {[%emt 0:00:00]} Rf2+ {[%emt 0:00:00]} 49. Ke3 {[%emt 0:00:00]} Rf3+ {[%emt 0:00:00]} 50. Kd4 {[%emt 0:00:00]} Rd3+ {[%emt 0:00:00]} 51. Kc5 {[%emt 0:00:00]} Rxh3 {[%emt 0:00:00]} 52. Kxb5 {[%emt 0:00:00]} Rh1 {[%emt 0:00:00]} 0-1

[Event "African-ch Open 2019"]
[Site "Hammamet"]
[Date "2019.07.13"]
[Round "5.3"]
[White "Bellahcene, Bilel"]
[Black "Kayonde, Andrew"]
[Result "1-0"]
[WhiteElo "2541"]
[BlackElo "2382"]
[Annotator "ChessBase"]
[PlyCount "137"]
[EventDate "2019.07.09"]
[EventType "swiss"]
[EventCountry "TUN"]
[SourceTitle "playchess.com"]
[Source "ChessBase"]
[SourceQuality "1"]
[TimeControl "5400+30"]

1. e4 {[%emt 0:03:39]} c6 {[%emt 0:00:00]} 2. d4 {[%emt 0:00:05]} d5 {[%emt 0:00:20]} 3. exd5 {[%emt 0:00:03]} cxd5 {[%emt 0:00:52]} 4. Nf3 {[%emt 0:00:03]} Nf6 {[%emt 0:00:39]} 5. Ne5 {[%emt 0:00:05]} g6 {[%emt 0:00:34]} 6. Bb5+ {[%emt 0:00:04]} Nbd7 {[%emt 0:00:28]} 7. O-O {[%emt 0:00:05]} Bg7 {[%emt 0:00:12]} 8. Re1 {[%emt 0:00:02]} O-O {[%emt 0:00:20]} 9. Nf3 {[%emt 0:00:02]} a6 {[%emt 0:02:53]} 10. Bf1 {[%emt 0:00:39]} Nb8 {[%emt 0:00:53]} 11. c3 {[%emt 0:05:35]} Bg4 {[%emt 0:00:30]} 12. Nbd2 {[%emt 0:00:21]} Nc6 {[%emt 0:00:47]} 13. h3 {[%emt 0:00:01]} Bxf3 {[%emt 0:00:33]} 14. Nxf3 {[%emt 0:00:08]} Qc7 {[%emt 0:09:53]} 15. g3 {[%emt 0:04:31]} e6 {[%emt 0:03:10]} 16. Bf4 {[%emt 0:00:33]} Qd7 {[%emt 0:00:33]} 17. Bd3 {[%emt 0:01:33]} b5 {[%emt 0:01:45]} 18. Qe2 {[%emt 0:01:49]} Qb7 {[%emt 0:00:24]} 19. a3 {[%emt 0:02:49]} Rfe8 {[%emt 0:01:03]} 20. Kh2 {[%emt 0:06:41]} Nd7 {[%emt 0:04:04]} 21. Rad1 {[%emt 0:05:46]} f6 {[%emt 0:26:47]} 22. Bb1 {[%emt 0:00:29]} Na5 {[%emt 0:00:55]} 23. Bc1 {[%emt 0:18:28]} Nc4 {[%emt 0:02:52]} 24. h4 {[%emt 0:10:27]} a5 {[%emt 0:01:19]} 25. h5 {[%emt 0:09:04]} g5 {[%emt 0:00:59]} 26. Nd2 {[%emt 0:05:07]} Nxd2 {[%emt 0:11:14]} 27. Bxd2 {[%emt 0:00:48]} Bh6 {[%emt 0:00:28]} 28. Qd3 {[%emt 0:06:08]} Nf8 {[%emt 0:00:11]} 29. Re2 {[%emt 0:00:34]} Qf7 {[%emt 0:03:28]} 30. Qf3 {[%emt 0:00:47]} f5 {[%emt 0:03:54]} 31. g4 {[%emt 0:01:53]} f4 {[%emt 0:00:10]} 32. Qd3 {[%emt 0:01:33]} Rab8 {[%emt 0:00:21]} 33. b3 {[%emt 0:00:15]} Nd7 {[%emt 0:05:26]} 34. Rde1 {[%emt 0:01:18]} Rb7 {[%emt 0:10:29]} 35. f3 {[%emt 0:01:32]} Nb6 {[%emt 0:04:02]} 36. Qxb5 {[%emt 0:07:07]} a4 {[%emt 0:00:41]} 37. Bf5 {[%emt 0:01:01]} Nc4 {[%emt 0:00:45]} 38. Qxa4 {[%emt 0:06:37]} Ne3 {[%emt 0:01:42]} 39. Bb1 {[%emt 0:00:55]} Bf8 {[%emt 0:02:06]} 40. b4 {[%emt 0:00:00]} Bd6 {[%emt 0:00:00]} 41. Kh3 {[%emt 0:00:00]} Rf8 {[%emt 0:00:00]} 42. Qb3 {[%emt 0:00:00]} Qe8 {[%emt 0:00:00]} 43. Bd3 {[%emt 0:00:00]} Rf6 {[%emt 0:00:00]} 44. Bxe3 {[%emt 0:00:00]} fxe3 {[%emt 0:00:00]} 45. Rxe3 {[%emt 0:00:00]} Rbf7 {[%emt 0:00:00]} 46. Kg2 {[%emt 0:00:00]} Bf4 {[%emt 0:00:00]} 47. Qxd5 {[%emt 0:00:00]} Bxe3 {[%emt 0:00:00]} 48. Rxe3 {[%emt 0:00:00]} exd5 {[%emt 0:00:00]} 49. Rxe8+ {[%emt 0:00:00]} Kg7 {[%emt 0:00:00]} 50. Be2 {[%emt 0:00:00]} Ra7 {[%emt 0:00:00]} 51. Re5 {[%emt 0:00:00]} h6 {[%emt 0:00:00]} 52. Rxd5 {[%emt 0:00:00]} Rxa3 {[%emt 0:00:00]} 53. c4 {[%emt 0:00:00]} Re6 {[%emt 0:00:00]} 54. Kf2 {[%emt 0:00:00]} Rb3 {[%emt 0:00:00]} 55. b5 {[%emt 0:00:28]} Rc3 {[%emt 0:02:27]} 56. Rf5 {[%emt 0:04:22]} Rce3 {[%emt 0:00:40]} 57. Re5 {[%emt 0:00:35]} R3xe5 {[%emt 0:00:48]} 58. dxe5 {[%emt 0:00:01]} Rxe5 {[%emt 0:00:07]} 59. Bd3 {[%emt 0:00:08]} Kf6 {[%emt 0:00:11]} 60. Be4 {[%emt 0:00:09]} Ke6 {[%emt 0:00:14]} 61. Ke3 {[%emt 0:00:08]} Kd6 {[%emt 0:00:26]} 62. Kd4 {[%emt 0:00:04]} Rc5 {[%emt 0:00:16]} 63. b6 {[%emt 0:00:04]} Ra5 {[%emt 0:00:25]} 64. b7 {[%emt 0:00:06]} Kc7 {[%emt 0:00:09]} 65. Bd5 {[%emt 0:00:25]} Ra6 {[%emt 0:00:48]} 66. Ke5 {[%emt 0:00:03]} Rb6 {[%emt 0:00:29]} 67. Kf5 {[%emt 0:00:23]} Ra6 {[%emt 0:00:27]} 68. f4 {[%emt 0:00:22]} gxf4 {[%emt 0:00:16]} 69. g5 {[%emt 0:00:19]} 1-0

[Event "African-ch Open 2019"]
[Site "Hammamet"]
[Date "2019.07.13"]
[Round "5.4"]
[White "Arab, Adlane"]
[Black "Hbacha, Achraf"]
[Result "1-0"]
[WhiteElo "2479"]
[BlackElo "2249"]
[Annotator "ChessBase"]
[PlyCount "155"]
[EventDate "2019.07.09"]
[EventType "swiss"]
[EventCountry "TUN"]
[SourceTitle "playchess.com"]
[Source "ChessBase"]
[SourceQuality "1"]
[TimeControl "5400+30"]

1. d4 {[%emt 0:00:00]} d5 {[%emt 0:03:58]} 2. c4 {[%emt 0:00:00]} e6 {[%emt 0:00:17]} 3. Nf3 {[%emt 0:00:00]} c6 {[%emt 0:02:01]} 4. g3 {[%emt 0:00:41]} f5 {[%emt 0:01:06]} 5. Bg2 {[%emt 0:00:08]} Nf6 {[%emt 0:00:11]} 6. O-O {[%emt 0:00:16]} Bd6 {[%emt 0:03:55]} 7. b3 {[%emt 0:00:11]} Qe7 {[%emt 0:00:54]} 8. Bb2 {[%emt 0:00:09]} Nbd7 {[%emt 0:01:44]} 9. Qc1 {[%emt 0:03:36]} O-O {[%emt 0:09:38]} 10. Ba3 {[%emt 0:00:22]} e5 {[%emt 0:00:47]} 11. dxe5 {[%emt 0:10:58]} Nxe5 {[%emt 0:00:21]} 12. Nxe5 {[%emt 0:00:42]} Qxe5 {[%emt 0:00:09]} 13. Bxd6 {[%emt 0:00:05]} Qxd6 {[%emt 0:00:03]} 14. cxd5 {[%emt 0:03:45]} Nxd5 {[%emt 0:01:03]} 15. e3 {[%emt 0:05:17]} Be6 {[%emt 0:07:49]} 16. Nd2 {[%emt 0:05:52]} Rad8 {[%emt 0:06:59]} 17. Rd1 {[%emt 0:02:33]} Rf7 {[%emt 0:12:04]} 18. Nc4 {[%emt 0:07:45]} Qc7 {[%emt 0:02:04]} 19. Qb2 {[%emt 0:04:02]} Rfd7 {[%emt 0:11:14]} 20. Ne5 {[%emt 0:00:56]} Rd6 {[%emt 0:00:24]} 21. Nf3 {[%emt 0:04:41]} Nf6 {[%emt 0:07:22]} 22. Rxd6 {[%emt 0:02:14]} Qxd6 {[%emt 0:00:15]} 23. Rc1 {[%emt 0:04:21]} Ne4 {[%emt 0:12:37]} 24. Nd4 {[%emt 0:02:19]} Qe5 {[%emt 0:02:07]} 25. Qa3 {[%emt 0:01:07]} Bd5 {[%emt 0:06:37]} 26. b4 {[%emt 0:13:02]} a6 {[%emt 0:02:25]} 27. Qb2 {[%emt 0:00:42]} Ng5 {[%emt 0:01:35]} 28. Bxd5+ {[%emt 0:04:53]} Qxd5 {[%emt 0:00:18]} 29. Qb3 {[%emt 0:00:16]} Qxb3 {[%emt 0:01:22]} 30. Nxb3 {[%emt 0:00:06]} Ne6 {[%emt 0:00:19]} 31. Kf1 {[%emt 0:00:15]} Kf7 {[%emt 0:00:53]} 32. Ke2 {[%emt 0:00:06]} Ke7 {[%emt 0:00:13]} 33. Na5 {[%emt 0:02:23]} Rd7 {[%emt 0:00:22]} 34. Rc4 {[%emt 0:02:19]} Rc7 {[%emt 0:00:57]} 35. Nb3 {[%emt 0:01:20]} Kd6 {[%emt 0:01:53]} 36. Nc5 {[%emt 0:03:16]} b6 {[%emt 0:00:37]} 37. Nxe6 {[%emt 0:01:05]} Kxe6 {[%emt 0:00:05]} 38. Kd3 {[%emt 0:00:10]} Kd5 {[%emt 0:01:05]} 39. Rd4+ {[%emt 0:00:57]} Ke6 {[%emt 0:00:14]} 40. Rd8 {[%emt 0:00:00]} c5 {[%emt 0:00:00]} 41. Ra8 {[%emt 0:00:00]} cxb4 {[%emt 0:00:00]} 42. Rxa6 {[%emt 0:00:00]} Rc6 {[%emt 0:00:00]} 43. h4 {[%emt 0:00:00]} Kd5 {[%emt 0:00:00]} 44. f3 {[%emt 0:00:00]} Rg6 {[%emt 0:00:00]} 45. h5 {[%emt 0:00:00]} Rxg3 {[%emt 0:00:00]} 46. Rxb6 {[%emt 0:00:00]} Kc5 {[%emt 0:00:00]} 47. Rb7 {[%emt 0:00:00]} Rg2 {[%emt 0:03:44]} 48. Ra7 {[%emt 0:00:00]} Rh2 {[%emt 0:02:07]} 49. Ra5+ {[%emt 0:00:00]} Kd6 {[%emt 0:00:38]} 50. Rxf5 {[%emt 0:00:00]} Rxa2 {[%emt 0:00:00]} 51. Rf7 {[%emt 0:00:21]} Rg2 {[%emt 0:00:20]} 52. Rb7 {[%emt 0:01:36]} Kc5 {[%emt 0:00:35]} 53. f4 {[%emt 0:00:24]} Rg3 {[%emt 0:00:36]} 54. h6 {[%emt 0:03:06]} gxh6 {[%emt 0:00:28]} 55. Rxh7 {[%emt 0:00:06]} Rg6 {[%emt 0:00:27]} 56. f5 {[%emt 0:00:49]} Rb6 {[%emt 0:00:30]} 57. e4 {[%emt 0:01:42]} b3 {[%emt 0:00:22]} 58. Rc7+ {[%emt 0:02:02]} Kd6 {[%emt 0:00:09]} 59. Rc1 {[%emt 0:00:13]} b2 {[%emt 0:00:09]} 60. Rb1 {[%emt 0:00:09]} Ke5 {[%emt 0:00:08]} 61. Ke3 {[%emt 0:00:49]} h5 {[%emt 0:01:40]} 62. Kf3 {[%emt 0:00:12]} Rb3+ {[%emt 0:00:27]} 63. Kg2 {[%emt 0:00:09]} Rb6 {[%emt 0:00:38]} 64. Kg3 {[%emt 0:00:35]} Rb4 {[%emt 0:00:24]} 65. Kh3 {[%emt 0:00:39]} Kf6 {[%emt 0:00:38]} 66. Kg3 {[%emt 0:00:23]} Kg5 {[%emt 0:00:27]} 67. Kh2 {[%emt 0:00:21]} Rb3 {[%emt 0:00:29]} 68. Rg1+ {[%emt 0:00:37]} Kf4 {[%emt 0:00:34]} 69. Rb1 {[%emt 0:00:02]} Ke5 {[%emt 0:00:26]} 70. Kg2 {[%emt 0:00:01]} Rb8 {[%emt 0:00:26]} 71. Kf3 {[%emt 0:00:45]} Kd4 {[%emt 0:00:36]} 72. Kf4 {[%emt 0:02:04]} Kc3 {[%emt 0:00:32]} 73. e5 {[%emt 0:00:17]} Kd4 {[%emt 0:00:31]} 74. f6 {[%emt 0:00:13]} Kd5 {[%emt 0:00:19]} 75. Kf5 {[%emt 0:00:09]} h4 {[%emt 0:00:38]} 76. e6 {[%emt 0:00:46]} Kd6 {[%emt 0:00:32]} 77. Rd1+ {[%emt 0:00:05]} Kc7 {[%emt 0:00:31]} 78. e7 {[%emt 0:00:08]} 1-0

[Event "African-ch Open 2019"]
[Site "Hammamet"]
[Date "2019.07.13"]
[Round "5.5"]
[White "Rakotomaharo, Fy Antenaina"]
[Black "Solomon, Kenny"]
[Result "1/2-1/2"]
[WhiteElo "2419"]
[BlackElo "2375"]
[Annotator "NA"]
[PlyCount "126"]
[EventDate "2019.07.09"]
[EventType "swiss"]
[EventCountry "TUN"]
[SourceTitle "playchess.com"]
[Source "ChessBase"]
[SourceQuality "1"]
[TimeControl "5400+30"]

1. e4 {[%emt 0:00:06]} c5 {[%emt 0:00:49]} 2. Nf3 {[%emt 0:00:20]} d6 {[%emt 0:00:00]} 3. Bb5+ {[%emt 0:00:23]} Nd7 {[%emt 0:00:00]} 4. c3 {[%emt 0:00:05]} Ngf6 {[%emt 0:00:00]} 5. Bd3 {[%emt 0:00:05]} g6 {[%emt 0:05:27]} 6. Bc2 {[%emt 0:00:14]} Bg7 {[%emt 0:00:18]} 7. d4 {[%emt 0:00:13]} O-O {[%emt 0:01:01]} 8. O-O {[%emt 0:00:12]} b6 {[%emt 0:21:33]} 9. Re1 {[%emt 0:15:59]} Bb7 {[%emt 0:02:43]} 10. Bg5 {[%emt 0:00:37]} h6 {[%emt 0:04:33]} 11. Bh4 {[%emt 0:00:31]} e5 {[%emt 0:09:48]} 12. Na3 {[%emt 0:04:18]} exd4 {[%emt 0:15:47]} 13. cxd4 {[%emt 0:00:20]} cxd4 {[%emt 0:00:07]} 14. Nxd4 {[%emt 0:04:27]} a6 {[%emt 0:00:31]} 15. Nb1 {[%emt 0:16:54]} Re8 {[%emt 0:02:38]} 16. Nc3 {[%emt 0:00:46]} b5 {[%emt 0:01:11]} 17. Qd2 {[%emt 0:06:17]} Qb6 {[%emt 0:04:08]} 18. Rad1 {[%emt 0:02:41]} Rac8 {[%emt 0:04:27]} 19. f3 {[%emt 0:03:56]} Ne5 {[%emt 0:02:57]} 20. Bf2 {[%emt 0:01:32]} Nc4 {[%emt 0:01:02]} 21. Qc1 {[%emt 0:07:48]} Qc7 {[%emt 0:00:02]} 22. Nce2 {[%emt 0:10:04]} d5 {[%emt 0:03:11]} 23. b3 {[%emt 0:00:44]} Ne5 {[%emt 0:07:02]} 24. f4 {[%emt 0:04:26]} Neg4 {[%emt 0:00:12]} 25. e5 {[%emt 0:00:03]} Ne4 {[%emt 0:05:49]} 26. Bxe4 {[%emt 0:08:38]} dxe4 {[%emt 0:00:03]} 27. Qxc7 {[%emt 0:00:12]} Rxc7 {[%emt 0:00:02]} 28. Ng3 {[%emt 0:00:50]} e3 {[%emt 0:03:14]} 29. Bxe3 {[%emt 0:00:34]} Nxe3 {[%emt 0:00:07]} 30. Rxe3 {[%emt 0:00:06]} Rd7 {[%emt 0:00:02]} 31. Red3 {[%emt 0:03:31]} Red8 {[%emt 0:00:12]} 32. Kf2 {[%emt 0:00:28]} Bf8 {[%emt 0:03:06]} 33. Ke3 {[%emt 0:02:49]} Bxg2 {[%emt 0:00:33]} 34. Ne4 {[%emt 0:00:08]} Bxe4 {[%emt 0:01:48]} 35. Kxe4 {[%emt 0:00:02]} f5+ {[%emt 0:01:16]} 36. exf6 {[%emt 0:00:08]} Re8+ {[%emt 0:01:08]} 37. Kf3 {[%emt 0:00:05]} Rd6 {[%emt 0:00:34]} 38. Ne2 {[%emt 0:04:08]} Rxf6 {[%emt 0:00:02]} 39. Ng3 {[%emt 0:00:05]} h5 {[%emt 0:00:40]} 40. Rd8 {[%emt 0:00:00]} Rxd8 {[%emt 0:00:00]} 41. Rxd8 {[%emt 0:00:00]} Rc6 {[%emt 0:00:00]} 42. Ne4 {[%emt 0:00:00]} Kf7 {[%emt 0:00:00]} 43. Ng5+ {[%emt 0:00:00]} Ke7 {[%emt 0:00:00]} 44. Ra8 {[%emt 0:00:00]} Bh6 {[%emt 0:00:00]} 45. Ra7+ {[%emt 0:00:00]} Ke8 {[%emt 0:00:00]} 46. h4 {[%emt 0:00:00]} Bf8 {[%emt 0:00:00]} 47. Ra8+ {[%emt 0:00:00]} Ke7 {[%emt 0:00:00]} 48. Ke4 {[%emt 0:00:00]} b4 {[%emt 0:00:00]} 49. Nf3 {[%emt 0:00:00]} Bh6 {[%emt 0:00:00]} 50. Ra7+ {[%emt 0:00:00]} Ke8 {[%emt 0:00:00]} 51. Rh7 {[%emt 0:00:00]} Bf8 {[%emt 0:00:00]} 52. Ne5 {[%emt 0:00:00]} Rf6 {[%emt 0:00:39]} 53. Rh8 {[%emt 0:00:00]} Rd6 {[%emt 0:01:27]} 54. Rg8 {[%emt 0:00:00]} Rd2 {[%emt 0:00:30]} 55. Nxg6 {[%emt 0:04:25]} Kf7 {[%emt 0:00:41]} 56. Rxf8+ {[%emt 0:00:04]} Kxg6 {[%emt 0:00:05]} 57. Rb8 {[%emt 0:01:41]} Re2+ {[%emt 0:01:49]} 58. Kf3 {[%emt 0:00:37]} Rxa2 {[%emt 0:00:06]} 59. Rxb4 {[%emt 0:00:09]} Rb2 {[%emt 0:02:47]} 60. Ke4 {[%emt 0:03:50]} Re2+ {[%emt 0:00:01]} 61. Kd3 {[%emt 0:00:09]} Rh2 {[%emt 0:01:38]} 62. Rb6+ {[%emt 0:01:43]} Kf5 {[%emt 0:00:00]} 63. Rxa6 {[%emt 0:00:06]} Rh3+ {[%emt 0:00:13] Ke4+ Ke5+} 1/2-1/2

[Event "African-ch Open 2019"]
[Site "Hammamet"]
[Date "2019.07.14"]
[Round "6.1"]
[White "Fawzy, Adham"]
[Black "Amin, Bassem"]
[Result "0-1"]
[WhiteElo "2476"]
[BlackElo "2707"]
[Annotator "TA"]
[PlyCount "56"]
[EventDate "2019.07.09"]
[EventType "swiss"]
[EventCountry "TUN"]
[SourceTitle "playchess.com"]
[Source "ChessBase"]
[SourceQuality "1"]

{[%evp 14,56,-20,-21,-25,-22,0,0,0,0,0,0,9,19,30,14,40,18,74,71,79,52,52,38,49,41,44,45,42,-58,-69,-67,-70,-40,-41,-718,-726,-786,-749,-782,-777,-743,-710,-29969,-1412]} 1. e4 e5 2. Nf3 Nc6 3. d4 exd4 4. Bc4 Bc5 5. O-O d6 6. c3 Bg4 7. Qb3 Bxf3 8. Bxf7+ Kf8 {C44: Ponziani Opening and Scotch Gambit} 9. gxf3 d3 $146 ({Predecessor:} 9... Qf6 10. Bh5 g6 11. Bg4 Ne5 12. cxd4 Bxd4 13. Nd2 h5 14. Bh3 g5 15. Kh1 Ne7 16. Qe6 {½-½ (52) Bocharov,I (2534)-Korchmar,V (2399) Moscow 2018}) 10. Be3 Ne5 {The position is equal.} 11. Be6 Nxf3+ 12. Kg2 Qf6 $132 {[%mdl 2048] ...Nh4+ is the strong threat. Black is fighting back} 13. Nd2 Nxd2 14. Bxd2 Re8 15. Bh3 {[%mdl 1024] White has compensation.} Bb6 (15... Qg6+ $11 16. Kh1 Qh5) 16. f3 $16 Ne7 17. Qc4 g5 18. Bd7 {Strongly threatening f4.} Rd8 19. f4 $1 {[%cal Rf4g5]} g4 $1 ({Don't go for} 19... Rxd7 $2 20. fxg5 Qf2+ 21. Rxf2+ $18) 20. e5 Qh6 21. Bxg4 (21. Qe6 $14 Qxe6 22. Bxe6) 21... Rg8 $15 22. h3 Nf5 $1 {Threatens to win with ...Qg6.} 23. Qxd3 Qh5 $1 24. Qe2 $2 {[%mdl 8192]} (24. Kf3 $15 Rxg4 {[%mdl 64] Remove Defender} 25. hxg4 Qh3+ 26. Ke2 Ng3+ {[%mdl 64] Double Attack} 27. Ke1) 24... Nh6 $19 {[%cal Rh6g4]} ({Stronger than} 24... Qh4 25. Be1 $14) 25. Kg3 Rd7 $1 {[%cal Rd7g7] White must now prevent ...Rdg7!} 26. f5 Nxg4 27. hxg4 dxe5 {( -> ...Rxd2!)} 28. Qc4 {[#]} Rd3+ {Played: Rd7-g7} 0-1

[Event "African-ch Open 2019"]
[Site "Hammamet"]
[Date "2019.07.14"]
[Round "6.2"]
[White "Adly, Ahmed"]
[Black "Arab, Adlane"]
[Result "1-0"]
[WhiteElo "2618"]
[BlackElo "2479"]
[Annotator "ChessBase"]
[PlyCount "77"]
[EventDate "2019.07.09"]
[EventType "swiss"]
[EventCountry "TUN"]
[SourceTitle "playchess.com"]
[Source "ChessBase"]
[SourceQuality "1"]
[TimeControl "5400+30"]

1. d4 {[%emt 0:00:00]} d5 {[%emt 0:00:00]} 2. g3 {[%emt 0:00:00]} Nf6 {[%emt 0:00:20]} 3. Bg2 {[%emt 0:00:00]} e6 {[%emt 0:01:02]} 4. Nf3 {[%emt 0:00:02]} Be7 {[%emt 0:00:06]} 5. O-O {[%emt 0:00:05]} b5 {[%emt 0:00:58]} 6. a4 {[%emt 0:00:09]} b4 {[%emt 0:00:06]} 7. c4 {[%emt 0:00:06]} bxc3 {[%emt 0:00:20]} 8. Nxc3 {[%emt 0:00:03]} O-O {[%emt 0:00:55]} 9. Ne5 {[%emt 0:00:05]} Nfd7 {[%emt 0:02:49]} 10. e4 {[%emt 0:00:02]} Nxe5 {[%emt 0:01:31]} 11. exd5 {[%emt 0:00:03]} Ba6 {[%emt 0:08:22]} 12. d6 {[%emt 0:01:44]} cxd6 {[%emt 0:01:33]} 13. Bxa8 {[%emt 0:00:28]} Bxf1 {[%emt 0:00:12]} 14. Qxf1 {[%emt 0:10:22]} Nbc6 {[%emt 0:04:52]} 15. Bxc6 {[%emt 0:00:52]} Nxc6 {[%emt 0:00:06]} 16. d5 {[%emt 0:00:04]} Nb4 {[%emt 0:07:26]} 17. Qc4 {[%emt 0:10:00]} Nxd5 {[%emt 0:00:39]} 18. Nxd5 {[%emt 0:00:02]} exd5 {[%emt 0:00:07]} 19. Qxd5 {[%emt 0:00:03]} Qa8 {[%emt 0:05:45]} 20. Qxa8 {[%emt 0:03:17]} Rxa8 {[%emt 0:00:07]} 21. Be3 {[%emt 0:00:04]} Bf6 {[%emt 0:06:13]} 22. Rd1 {[%emt 0:00:17]} Bxb2 {[%emt 0:01:00]} 23. Rxd6 {[%emt 0:00:04]} a5 {[%emt 0:04:24]} 24. Bd2 {[%emt 0:00:12]} Bf6 {[%emt 0:00:10]} 25. Kf1 {[%emt 0:04:00]} Kf8 {[%emt 0:00:07]} 26. Rb6 {[%emt 0:00:16]} Ke8 {[%emt 0:02:23]} 27. Rb5 {[%emt 0:00:16]} Bd8 {[%emt 0:00:06]} 28. Ke2 {[%emt 0:00:39]} Ra6 {[%emt 0:02:10]} 29. Rd5 {[%emt 0:01:54]} Bc7 {[%emt 0:04:22]} 30. Kd3 {[%emt 0:05:40]} Ke7 {[%emt 0:03:22]} 31. Kc4 {[%emt 0:01:50]} Rc6+ {[%emt 0:04:16]} 32. Kb5 {[%emt 0:00:21]} Rb6+ {[%emt 0:00:06]} 33. Kc5 {[%emt 0:00:23]} Ra6 {[%emt 0:03:58]} 34. Be3 {[%emt 0:08:26]} Bd8 {[%emt 0:04:41]} 35. Kb5 {[%emt 0:05:20]} Re6 {[%emt 0:03:59]} 36. Bg5+ {[%emt 0:00:58]} f6 {[%emt 0:00:12]} 37. Be3 {[%emt 0:00:03]} g6 {[%emt 0:03:20]} 38. Bc5+ {[%emt 0:00:53]} Ke8 {[%emt 0:00:05]} 39. Rd3 {[%emt 0:00:02]} 1-0